000 00352nam a2200145Ia 4500
100 _aAltman/ Rebecca Bridges
942 _cBK
366 _f10
654 _aMastering Page Maker 6 For Win - 95
245 _aMastering Page Maker 6 For Win - 95
260 _bB.P.B.Publishers
_aNew Delhi
_c1996
082 _a5.1
300 _a785
546 _aENGLISH
999 _c29199
_d29199